Survey (Record no. 83636)

MARC details
000 -LEADER
fixed length control field 01122cab a22002055a 4500
001 - CONTROL NUMBER
control field L154468
008 - FIXED-LENGTH DATA ELEMENTS--GENERAL INFORMATION
fixed length control field 131211e2011 xxk 000 0 eng d
035 ## - SYSTEM CONTROL NUMBER
System control number (Sirsi) u154468
041 0# - LANGUAGE CODE
Language code of text/sound track or separate title eng
110 2# - MAIN ENTRY--CORPORATE NAME
Corporate name or jurisdiction name as entry element EuroProperty
9 (RLIN) 1216
245 00 - TITLE STATEMENT
Title Survey
Remainder of title Italy
260 ## - PUBLICATION, DISTRIBUTION, ETC.
Date of publication, distribution, etc. 2011
490 #0 - SERIES STATEMENT
Series statement EuroProperty
Volume/sequential designation 5 December 2011, 13-17(5)
520 ## - SUMMARY, ETC.
Summary, etc. Investment in Italy's commercial real estate is expected to fall in 2011 by 10% from 2010's Euros 3.5bn total. Westfield is one of the few global retail real estate developers still buying into the Italian retail market. Milan awaits new office supply notwithstanding the new Porta Nuova 240 000 sq m office scheme coming on stream in 2012. Rome's office market displays static demand with rents unlikely to rise with the limited supply pipeline. Berlusconi pushes through programme of disposal of empty government buildings as his Parthian shot.
590 ## - LOCAL NOTE (RLIN)
Local note KA
651 #4 - SUBJECT ADDED ENTRY--GEOGRAPHIC NAME
Geographic name Italia = Italy
Chronological subdivision 1992-
690 ## - LOCAL SUBJECT ADDED ENTRY--TOPICAL TERM (OCLC, RLIN)
Topical term or geographic name as entry element PROPERTY-COMMERCIAL PROPERTY-COMMERCIAL PROPERTY MARKET
690 ## - LOCAL SUBJECT ADDED ENTRY--TOPICAL TERM (OCLC, RLIN)
Topical term or geographic name as entry element PROPERTY-COMMERCIAL PROPERTY-COMMERCIAL PROPERTY FINANCE AND INVESTMENT
942 ## - ADDED ENTRY ELEMENTS (KOHA)
Suppress in OPAC 0
Holdings
Withdrawn status Lost status Source of classification or shelving scheme Damaged status Not for loan Home library Current library Shelving location Date acquired Total Checkouts Full call number Barcode Date last seen Copy number Price effective from Koha item type
    Dewey Decimal Classification     London London Journal article 11/12/2011   L154468 154468-1001 06/08/2019 1 06/08/2019 Journal article